000
00304cam a2200121ua 4500
041
_a
eng
_h
082
_a
334.01
_b
CAL/LA
100
_a
Calvert H, Mukherjee. B.B .
245
_a
Law and princuples at Co-operation /
_c
Calvert.
_h
Textual Documents
300
_a
690 ; .
504
_a
999
_c
11560
_d
11560